Niektoré teoretické a hospodárskopolitické inovácie J.M. Keynesa vo všeobecnej teórii zamestnanosti, úroku a peňazí

Keynesova kritika neoklasickej ekonómie a prínos k rozvoju vedy. Keynesova teória peňazí a úroku na báze preferencie likvidity. Väzba teórie úroku na koncepciu efektívneho dopytu a problém zamestnanosti. Teoretické zdôvodnenie nevyhnutnosti štátneho zasahovania do ekonomiky. Keynesova revolúcia a...

Description complète

Enregistré dans:
Détails bibliographiques
Auteur principal: Gonda, Vladimír
Format: Chapitre de livre
Langue:slovaque
Sujets:
Tags: Ajouter un tag
Pas de tags, Soyez le premier à ajouter un tag!

MARC

LEADER 00000naa$a2200000$$$4500
001 0084091
005 20240502071939.5
041 0 |a slo 
044 |a SK 
245 1 0 |a Niektoré teoretické a hospodárskopolitické inovácie J.M. Keynesa vo všeobecnej teórii zamestnanosti, úroku a peňazí  |c Vladimír Gonda 
520 |a Keynesova kritika neoklasickej ekonómie a prínos k rozvoju vedy. Keynesova teória peňazí a úroku na báze preferencie likvidity. Väzba teórie úroku na koncepciu efektívneho dopytu a problém zamestnanosti. Teoretické zdôvodnenie nevyhnutnosti štátneho zasahovania do ekonomiky. Keynesova revolúcia a spory o všeobecnú teóriu. 
610 2 0 |a teórie ekonomické 
610 2 0 |a zamestnanosť 
610 2 0 |a úrok 
610 2 0 |a peniaze 
610 2 0 |a keynesizmus 
610 2 0 |a Keynes, J. 
610 2 0 |a ekonómia politická klasická 
100 1 |a Gonda, Vladimír